LIBRARY & INFORMATION CENTRE, KCAET, TAVANUR

ONLINE PUBLIC ACCESS CATALOGUE (OPAC)

Text book of soil mechanics / (Record no. 5572)

MARC details
000 -LEADER
fixed length control field 00434cam a2200169ua 4500
003 - CONTROL NUMBER IDENTIFIER
control field OSt
008 - FIXED-LENGTH DATA ELEMENTS--GENERAL INFORMATION
fixed length control field 250415b |||||||| |||| 00| 0 eng d
041 ## - LANGUAGE CODE
Language code of text/sound track or separate title eng
082 ## - DEWEY DECIMAL CLASSIFICATION NUMBER
Classification number 624.15136
Item number BHA/TE
100 ## - MAIN ENTRY--AUTHOR NAME
Personal name Bharat singh, .
245 ## - TITLE STATEMENT
Title Text book of soil mechanics /
250 ## - EDITION STATEMENT
Edition statement 1 /
260 ## - PUBLICATION, DISTRIBUTION, ETC. (IMPRINT)
Place of publication Roorkhee :
Name of publisher New chand and brothers ,
Year of publication 1966.
300 ## - PHYSICAL DESCRIPTION
Number of Pages 401 ; .
700 1# - ADDED ENTRY--PERSONAL NAME
Personal name Shamshee, Prakash .
942 ## - ADDED ENTRY ELEMENTS (KOHA)
Koha item type Books
Holdings
Withdrawn status Lost status Damaged status Home library Current library Date acquired Full call number Accession Number Koha item type
      KAUAET KAUAET 07/04/2012 624.15136 BHA/TE 12863 Books
free website counter